|
|
|
|
| LEADER |
00000nab a2200000 a 4500 |
| 001 |
vtls000815233 |
| 003 |
SK-MaSNL |
| 005 |
20260304124656.0 |
| 008 |
250429c2002 xo 0 slo |
| 015 |
|
|
|a SNBRB2002/11-37839
|
| 035 |
|
|
|a CLN000166888
|
| 035 |
|
|
|a urn:nbn:sk:snk-ab21mp
|
| 035 |
|
|
|a (urnnbn)urn:nbn:sk:snk:ar-a01evs
|
| 035 |
|
|
|a (uuid)42a5eca9-5f00-475a-b432-ccd7d1ab2261
|
| 040 |
|
|
|a SNKBUCL
|b slo
|c SNKBUCL
|e AACR2
|
| 041 |
0 |
|
|a slo
|
| 044 |
|
|
|a xo
|c SK
|
| 080 |
|
|
|a 78.071.2:785.74:061.7
|2 1997
|
| 080 |
|
|
|a 78.091.4
|2 1997
|
| 100 |
1 |
|
|a Horkay, Tomáš,
|d 1970-
|4 aut
|9 103398
|
| 245 |
1 |
0 |
|a Mozarteum Quartett
|c Tomáš Horkay
|
| 610 |
|
7 |
|a Mozarteum Quartett
|x koncerty
|z Bratislava (Slovensko)
|y 9.10.2002
|2 snkbucl
|9 1436132
|
| 611 |
2 |
7 |
|a Bratislavské hudobné slávnosti
|n (38. :
|d 2002 :
|c Bratislava, Slovensko)
|2 snkbucl
|9 94597
|
| 651 |
|
7 |
|a Bratislava (Slovensko)
|2 snkbucl
|
| 655 |
|
7 |
|a články z novín a časopisov
|2 snkbucl
|9 267496
|
| 773 |
0 |
|
|t Hudobný život
|g Roč. 34, č. 11 (2002), s. 21
|x 1335-4140
|
| 850 |
|
|
|a Slovenská národná knižnica
|
| 852 |
|
|
|a Slovenská národná knižnica
|
| 954 |
|
|
|a odborná, vedecká literatúra pôvodná (slovenská)
|2 lita
|
| 958 |
|
|
|a article27
|
| 958 |
|
|
|a OND
|
| 958 |
|
|
|a SK
|
| 958 |
|
|
|a AT
|
| 958 |
|
|
|a EUIPO
|
| 992 |
|
|
|a RBX
|
| 999 |
|
|
|c 2891908
|d 2893838
|